000 00875nam a2200253Ia 4500
003 OSt
005 20221005113407.0
006 a|||||r|||| 00| 0
007 ta
008 221004b |||||||| |||| 00| 0 pan d
020 _a9788178837857 (hbk)
_c100
024 _a2714
037 _b707, 21/01/2013, Bright Book Service
_cTextual
040 _aCRL
_cCRL
_bpan
041 _2pan
_apan
082 _aO153,1NPAx, Q1
100 _aਪੰਡੋਰਵੀ, ਦਾਦਰ
245 0 _aਆਲ੍ਹਣਿਆਂ ਦੀ ਚਿੰਤਾ
260 _aਲੁਧਿਆਣਾ
_bਚੇਤਨਾ ਪ੍ਰਕਾFਨ ਭਾਰਤ
_c2011
300 _a80ਪੰ
_ccm.
650 _aਪੰਜਾਬੀ ਸਾਹਿਤ
942 _hO153,1NPAx, Q1
_cTEXL
_2cc
999 _c1028034
_d1028034